| 000 | 00733nas a2200241 4500 | ||
|---|---|---|---|
| 001 | BR9503832 | ||
| 003 | BR-BrBNA | ||
| 005 | 20231205094359.0 | ||
| 007 | ta | ||
| 008 | 230509b bl.|||p| |||| 00| 00por d | ||
| 040 |
_aBR-BrBNA _bpor _cBiblioteca Nacional de Agricultura |
||
| 041 | _a(Pt) | ||
| 072 | _aL52 | ||
| 100 | 1 | _aBarbosa, H.S.C. | |
| 100 | 1 | _aFontes, L.R. | |
| 245 | 1 | _aEstudos sobre o peso vivo das racas bovinas de origem indiana | |
| 650 | _aGado de Corte | ||
| 650 | _aPeso | ||
| 650 | _aCrescimento | ||
| 773 | 0 |
_tArquivos da Escola de Veterinaria da Universidade Federal de Minas Gerais (Brazil) _x _g(1964), v. 16 p. 345-359 _wBR9503832 |
|
| 909 |
_a202311 _bLúcia _c55 _dLúcia Elande |
||
| 942 |
_2AGRIS _n0 _cANA |
||
| 999 |
_c143928 _d143928 |
||